| 000 | 01069nmm a2200289 a 4500 | ||
|---|---|---|---|
| 001 | ocm0002146158 | ||
| 003 | TR-IsHL | ||
| 005 | 20201028182022.0 | ||
| 008 | 190121s2016 tu tur | ||
| 007 | cr cn | ||
| 020 | _a9786056194535 | ||
| 035 |
_a2146158 _b(N$T) |
||
| 050 | 0 | 4 |
_aPJ6115 _b.S85 2016 |
| 090 | 0 | 4 |
_aPJ6115 _b.S85 2016 |
| 100 | 1 | _aSüleyman, Mahmud | |
| 245 | 1 | 0 |
_aBenimle Arapça konuş: 62 konuşma kalıbı= حدثني بالعربية: 62 قالبا لغويا _h[electronic resource] / _cMahmud Süleyman |
| 250 | _a2. Basım | ||
| 260 |
_aİstanbul : _bAkdem Yayınları, _c2016 |
||
| 300 | _a127 p. | ||
| 500 | _aTürkçe ve Arapça metinler paraleldir | ||
| 650 | 4 | _aDil ve Edebiyat | |
| 650 | 4 | _aLanguage and Literature | |
| 650 | 0 |
_aArap Dili _x Konuşma ve Deyim Kitapları |
|
| 650 | 0 |
_aArabic Language _x Conversation and Phrase Books |
|
| 650 | 7 |
_aLANGUAGE ARTS & DISCIPLINES / Speech & Pronunciation _2bisacsh |
|
| 856 | 4 | 0 | _uhttp://search.ebscohost.com/login.aspx?direct=true&scope=site&db=e011xww&AN=2146158 |
| 999 |
_c19873 _d19873 |
||